00318nam a2200133Ia 4500008004000000020001800040082001300058100002400071245002600095250000500121260003600126300001000162650001200172210210b1988 xxu||||| |||| 00| 0 eng d a7 80005 006 8 a951 ETHC aETHRIDGE (James M). aChanging China. Ed 1. a aChina.bNew World Press.,c1988 ax,355 aChina